|
|
|
|
| LEADER |
00000nab a2200000 a 4500 |
| 001 |
vtls008835984 |
| 003 |
SK-MaSNL |
| 005 |
20260305035420.0 |
| 008 |
250505c2006 xo |||| | b 000 b|slo |
| 015 |
|
|
|a SNBRB2006/08
|2 snkbucl
|
| 035 |
|
|
|a (uuid)52c4083f-8f2d-4209-bd77-2410cfc04f34
|
| 035 |
|
|
|a urn:nbn:sk:snk-abxkd
|
| 035 |
|
|
|a (urnnbn)urn:nbn:sk:snk:ar-a05060
|
| 038 |
|
|
|a SNKBUCL
|
| 040 |
|
|
|a SNKBUCL
|b slo
|c SNKBUCL
|e AACR2
|
| 041 |
0 |
|
|a slo
|
| 044 |
|
|
|a xo
|c SK
|
| 080 |
|
|
|a 372.41:373.32
|2 1997
|
| 080 |
|
|
|a 373.32
|2 1997
|
| 080 |
|
|
|a 028.1
|2 1997
|
| 080 |
|
|
|a 159.946.4
|2 1997
|
| 100 |
1 |
|
|a Palenčárová, Jana
|4 aut
|9 650245
|
| 245 |
1 |
0 |
|a Čítanie ako kumunikačná zručnosť
|c Jana Palenčárová
|
| 504 |
|
|
|a Bibliogr. odkazy
|
| 650 |
0 |
7 |
|a čítanie
|2 snkbucl
|9 1654
|
| 650 |
0 |
7 |
|a hlasné čítanie
|2 snkbucl
|9 1084059
|
| 650 |
0 |
7 |
|a tiché čítanie
|2 snkbucl
|9 1193984
|
| 650 |
0 |
7 |
|a čitateľská gramotnosť
|2 snkbucl
|9 69767
|
| 650 |
0 |
7 |
|a funkčná gramotnosť
|2 snkbucl
|9 69139
|
| 650 |
0 |
7 |
|a čitateľské kompetencie
|2 snkbucl
|9 89181
|
| 650 |
0 |
7 |
|a čitateľské zručnosti
|2 snkbucl
|9 1050151
|
| 650 |
0 |
7 |
|a komunikačné zručnosti
|2 snkbucl
|9 2691
|
| 650 |
0 |
7 |
|a technika čítania
|2 snkbucl
|9 627483
|
| 650 |
0 |
7 |
|a čítanie s porozumením
|2 snkbucl
|9 74316
|
| 650 |
0 |
7 |
|a kritické myslenie
|2 snkbucl
|9 4110
|
| 773 |
0 |
|
|t Slovenský jazyk a literatúra v škole
|g Roč. 52, č. 7-8 (2005/2006), s. 200-204
|x 1335-2040
|
| 850 |
|
|
|a Slovenská národná knižnica
|
| 852 |
|
|
|a Slovenská národná knižnica
|
| 954 |
|
|
|a odborná, vedecká literatúra pôvodná (slovenská)
|2 lita
|
| 958 |
|
|
|a article27
|
| 958 |
|
|
|a NB
|
| 958 |
|
|
|a OND
|
| 958 |
|
|
|a EUIPO
|
| 999 |
|
|
|c 3333702
|d 3335632
|